Introduction to polymer science and chemistry : (Record no. 23021)
[ view plain ]
| 000 -LEADER | |
|---|---|
| fixed length control field | 02784cam a22003375i 4500 |
| 001 - CONTROL NUMBER | |
| control field | 17494911 |
| 003 - CONTROL NUMBER IDENTIFIER | |
| control field | EG-ScBUE |
| 005 - DATE AND TIME OF LATEST TRANSACTION | |
| control field | 20251221105818.0 |
| 008 - FIXED-LENGTH DATA ELEMENTS--GENERAL INFORMATION | |
| fixed length control field | 121015t2013 flua f b 001 0 eng d |
| 020 ## - INTERNATIONAL STANDARD BOOK NUMBER | |
| International Standard Book Number | 9781466553842 (hardback : acid-free paper) |
| 040 ## - CATALOGING SOURCE | |
| Original cataloging agency | EG-ScBUE |
| Language of cataloging | eng |
| Description conventions | rda |
| Transcribing agency | EG-ScBUE |
| Modifying agency | EG-ScBUE |
| 082 04 - DEWEY DECIMAL CLASSIFICATION NUMBER | |
| Edition number | 22 |
| Classification number | 547.7 |
| Item number | CHA |
| 100 1# - MAIN ENTRY--PERSONAL NAME | |
| Personal name | Chanda, Manas, |
| Dates associated with a name | 1940- |
| 9 (RLIN) | 41658 |
| Relator term | author. |
| 245 10 - TITLE STATEMENT | |
| Title | Introduction to polymer science and chemistry : |
| Remainder of title | a problem-solving approach / |
| Statement of responsibility, etc | Manas Chanda. |
| 250 ## - EDITION STATEMENT | |
| Edition statement | Second edition. |
| 264 #1 - PUBLICATION, DISTRIBUTION, ETC. (IMPRINT) | |
| Place of publication, distribution, etc | Boca Raton, Florida : |
| Name of publisher, distributor, etc | CRC Press / Taylor & Francis Group, LLC, |
| Date of publication, distribution, etc | [2013] |
| 264 #4 - PUBLICATION, DISTRIBUTION, ETC. (IMPRINT) | |
| Date of publication, distribution, etc | c2013 |
| 300 ## - PHYSICAL DESCRIPTION | |
| Extent | xxi, 748 pages : |
| Other physical details | illustrations ; |
| Dimensions | 26 cm |
| 336 ## - CONTENT TYPE | |
| Source | rdacontent |
| Content type term | text |
| Content type code | txt |
| 337 ## - MEDIA TYPE | |
| Media type term | unmediated |
| Source | rdamedia |
| Media type code | n |
| 338 ## - CARRIER TYPE | |
| Carrier type term | volume |
| Carrier type code | nc |
| Source | rdacarrier |
| 500 ## - GENERAL NOTE | |
| General note | Includes Appendices.<br/> |
| 504 ## - BIBLIOGRAPHY, ETC. NOTE | |
| Bibliography, etc | Includes bibliographical references and index.<br/> |
| 520 ## - SUMMARY, ETC. | |
| Summary, etc | "Preface A question asked during discussion, or even ahead of it, excites a student's mind and rouses his eagerness to probe, thus making the process of learning more thorough. During my teaching of polymer science and chemistry over a period of nearly four decades, I have thus always felt and believed that learning becomes much easier and deeper if problem solving with a question and answer approach is intimately integrated with the text. It was this belief and conviction that motivated me to embark on writing this new text on polymer science and polymer chemistry, even though I was fully aware that the field was already crowded with more than a dozen wellwritten polymer texts. Adopting a distinctly different and innovative approach, the text in this new polymer book has been laced with questions and answers at every step of the development of a theory or concept in each chapter. The book thus features a significantly large number (286) of solved problems interspersed with the text that is spread over 720 pages. In addition, a large number (277) of problems are included as end-of-chapter exercises and these are fully worked out in a separate Solutions Manual. As my experience in teaching has taught me the great value of dealing with numbers to deepen one's understanding, most of the problems with which the text is studded are chosen to be of numerical type. The same is true for exercise problems appended at the end of each chapter and each such problem is provided with numerical answers so that the reader can compare with his own"-- |
| 650 #7 - SUBJECT ADDED ENTRY--TOPICAL TERM | |
| Topical term or geographic name as entry element | Polymers. |
| Source of heading or term | BUEsh |
| 9 (RLIN) | 5875 |
| 650 #7 - SUBJECT ADDED ENTRY--TOPICAL TERM | |
| Topical term or geographic name as entry element | Polymerization. |
| Source of heading or term | BUEsh |
| 9 (RLIN) | 6762 |
| 653 ## - INDEX TERM--UNCONTROLLED | |
| Resource For college | Engineering, Chemical |
| Arrived date list | November2016 |
| 655 ## - INDEX TERM--GENRE/FORM | |
| Form subdivision | Reading book |
| 856 42 - ELECTRONIC LOCATION AND ACCESS | |
| Materials specified | Cover image |
| Uniform Resource Identifier | <a href="http://jacketsearch.tandf.co.uk/common/jackets/covers/websmall/978146655/9781466553842.jpg">http://jacketsearch.tandf.co.uk/common/jackets/covers/websmall/978146655/9781466553842.jpg</a> |
| 942 ## - ADDED ENTRY ELEMENTS (KOHA) | |
| Source of classification or shelving scheme | Dewey Decimal Classification |
| Koha item type | Book - Borrowing |
| Withdrawn status | Lost status | Source of classification or shelving scheme | Damaged status | Not for loan | Collection code | Home library | Current library | Shelving location | Date acquired | Source of acquisition | Cost, normal purchase price | Serial Enumeration / chronology | Total Checkouts | Full call number | Barcode | Date last seen | Cost, replacement price | Koha item type |
|---|---|---|---|---|---|---|---|---|---|---|---|---|---|---|---|---|---|---|
| Dewey Decimal Classification | Baccah | Central Library | Central Library | First floor | 03/11/2016 | Purchase | 924.00 | 3652 | 547.7 CHA | 000034471 | 15/07/2025 | 1155.00 | Book - Borrowing |